<?xml version="1.0" encoding="UTF-8"?>
<record
    xmlns:xsi="http://www.w3.org/2001/XMLSchema-instance"
    xsi:schemaLocation="http://www.loc.gov/MARC21/slim http://www.loc.gov/standards/marcxml/schema/MARC21slim.xsd"
    xmlns="http://www.loc.gov/MARC21/slim">

  <leader>00581nam a2200205 a 4500</leader>
  <controlfield tag="001">157397</controlfield>
  <controlfield tag="003">OSt</controlfield>
  <controlfield tag="005">20220627105514.0</controlfield>
  <controlfield tag="008">200423                ###          ENG  </controlfield>
  <datafield tag="020" ind1=" " ind2=" ">
    <subfield code="a">9788131102626</subfield>
  </datafield>
  <datafield tag="082" ind1=" " ind2=" ">
    <subfield code="a">410.285</subfield>
    <subfield code="b">J61C</subfield>
  </datafield>
  <datafield tag="100" ind1=" " ind2=" ">
    <subfield code="a">John, Patrick</subfield>
  </datafield>
  <datafield tag="245" ind1=" " ind2=" ">
    <subfield code="a">Computational linguistics</subfield>
    <subfield code="c">by Patrick John and David Christopher</subfield>
  </datafield>
  <datafield tag="260" ind1=" " ind2=" ">
    <subfield code="a">New Delhi</subfield>
    <subfield code="b">Commonwealth Publication</subfield>
    <subfield code="c">2019, 2021</subfield>
  </datafield>
  <datafield tag="300" ind1=" " ind2=" ">
    <subfield code="a">v, 276 p.</subfield>
  </datafield>
  <datafield tag="500" ind1=" " ind2=" ">
    <subfield code="a">Acc No 37230-37234 year 2021.</subfield>
  </datafield>
  <datafield tag="653" ind1=" " ind2=" ">
    <subfield code="a">Computiational linguistics</subfield>
  </datafield>
  <datafield tag="700" ind1=" " ind2=" ">
    <subfield code="a">Christopher, David</subfield>
  </datafield>
  <datafield tag="942" ind1=" " ind2=" ">
    <subfield code="2">ddc</subfield>
    <subfield code="c">BK</subfield>
  </datafield>
  <datafield tag="999" ind1=" " ind2=" ">
    <subfield code="c">19765</subfield>
    <subfield code="d">19765</subfield>
  </datafield>
  <datafield tag="952" ind1=" " ind2=" ">
    <subfield code="0">0</subfield>
    <subfield code="1">0</subfield>
    <subfield code="2">ddc</subfield>
    <subfield code="4">0</subfield>
    <subfield code="7">0</subfield>
    <subfield code="8">TXB</subfield>
    <subfield code="a">CURAJ</subfield>
    <subfield code="b">CURAJ</subfield>
    <subfield code="d">2020-04-23</subfield>
    <subfield code="e">ENG</subfield>
    <subfield code="l">4</subfield>
    <subfield code="o">410.285 J61C</subfield>
    <subfield code="p">32708</subfield>
    <subfield code="r">2022-10-12</subfield>
    <subfield code="s">2022-09-29</subfield>
    <subfield code="w">2020-09-02</subfield>
    <subfield code="y">BK</subfield>
  </datafield>
  <datafield tag="952" ind1=" " ind2=" ">
    <subfield code="0">0</subfield>
    <subfield code="1">0</subfield>
    <subfield code="2">ddc</subfield>
    <subfield code="4">0</subfield>
    <subfield code="7">0</subfield>
    <subfield code="8">TXB</subfield>
    <subfield code="a">CURAJ</subfield>
    <subfield code="b">CURAJ</subfield>
    <subfield code="d">2022-06-27</subfield>
    <subfield code="e">DLI</subfield>
    <subfield code="l">3</subfield>
    <subfield code="o">410.285 J61C</subfield>
    <subfield code="p">37230</subfield>
    <subfield code="r">2025-05-05</subfield>
    <subfield code="s">2025-04-16</subfield>
    <subfield code="w">2022-06-27</subfield>
    <subfield code="y">BK</subfield>
  </datafield>
  <datafield tag="952" ind1=" " ind2=" ">
    <subfield code="0">0</subfield>
    <subfield code="1">0</subfield>
    <subfield code="2">ddc</subfield>
    <subfield code="4">0</subfield>
    <subfield code="7">0</subfield>
    <subfield code="8">TXB</subfield>
    <subfield code="a">CURAJ</subfield>
    <subfield code="b">CURAJ</subfield>
    <subfield code="d">2022-06-27</subfield>
    <subfield code="e">DLI</subfield>
    <subfield code="l">2</subfield>
    <subfield code="o">410.285 J61C</subfield>
    <subfield code="p">37231</subfield>
    <subfield code="r">2023-01-20</subfield>
    <subfield code="s">2023-01-09</subfield>
    <subfield code="w">2022-06-27</subfield>
    <subfield code="y">BK</subfield>
  </datafield>
  <datafield tag="952" ind1=" " ind2=" ">
    <subfield code="0">0</subfield>
    <subfield code="1">0</subfield>
    <subfield code="2">ddc</subfield>
    <subfield code="4">0</subfield>
    <subfield code="7">0</subfield>
    <subfield code="8">TXB</subfield>
    <subfield code="a">CURAJ</subfield>
    <subfield code="b">CURAJ</subfield>
    <subfield code="d">2022-06-27</subfield>
    <subfield code="e">DLI</subfield>
    <subfield code="l">1</subfield>
    <subfield code="o">410.285 J61C</subfield>
    <subfield code="p">37232</subfield>
    <subfield code="r">2022-08-08</subfield>
    <subfield code="s">2022-07-25</subfield>
    <subfield code="w">2022-06-27</subfield>
    <subfield code="y">BK</subfield>
  </datafield>
  <datafield tag="952" ind1=" " ind2=" ">
    <subfield code="0">0</subfield>
    <subfield code="1">0</subfield>
    <subfield code="2">ddc</subfield>
    <subfield code="4">0</subfield>
    <subfield code="7">0</subfield>
    <subfield code="8">TXB</subfield>
    <subfield code="a">CURAJ</subfield>
    <subfield code="b">CURAJ</subfield>
    <subfield code="d">2022-06-27</subfield>
    <subfield code="e">DLI</subfield>
    <subfield code="l">3</subfield>
    <subfield code="o">410.285 J61C</subfield>
    <subfield code="p">37233</subfield>
    <subfield code="r">2024-03-20</subfield>
    <subfield code="s">2024-03-06</subfield>
    <subfield code="w">2022-06-27</subfield>
    <subfield code="y">BK</subfield>
  </datafield>
  <datafield tag="952" ind1=" " ind2=" ">
    <subfield code="0">0</subfield>
    <subfield code="1">0</subfield>
    <subfield code="2">ddc</subfield>
    <subfield code="4">0</subfield>
    <subfield code="5">1</subfield>
    <subfield code="7">1</subfield>
    <subfield code="8">RTB</subfield>
    <subfield code="a">CURAJ</subfield>
    <subfield code="b">CURAJ</subfield>
    <subfield code="d">2022-06-27</subfield>
    <subfield code="e">DLI</subfield>
    <subfield code="l">0</subfield>
    <subfield code="o">410.285 J61C</subfield>
    <subfield code="p">37234</subfield>
    <subfield code="r">2022-06-27</subfield>
    <subfield code="w">2022-06-27</subfield>
    <subfield code="y">BK</subfield>
  </datafield>
</record>
